[Event "Nairobi Mashariki op"]
[Site "Nairobi"]
[Date "2024.09.21"]
[Round "1"]
[White "Chitudu, Limbikani"]
[Black "Richard, Muthumbi"]
[Result "1-0"]
[WhiteElo "1813"]
[BlackElo "1484"]
[PlyCount "64"]
[EventDate "2024.09.21"]
[EventType "swiss"]
[EventRounds "5"]
[EventCountry "KEN"]
[SourceTitle "EXT 2025"]
[Source "ChessBase"]
[SourceDate "2024.10.14"]
[SourceVersion "1"]
[SourceVersionDate "2024.10.14"]
[SourceQuality "1"]

1. f4 e5 2. fxe5 d6 3. Nf3 Nc6 4. d4 h6 5. Nc3 dxe5 6. d5 Nb4 7. Nxe5 Bd6 8. Nf3 Ne7 9. e4 Bg4 10. a3 Na6 11. Bb5+ c6 12. dxc6 Nxc6 13. Bxa6 bxa6 14. Qd5 Qc7 15. e5 Bxe5 16. Nxe5 Qxe5+ 17. Qxe5+ Nxe5 18. 0-0 0-0 19. Bf4 Ng6 20. Bg3 Rad8 21. Ne4 f5 22. Nc5 Rd2 23. Rac1 Rc8 24. b4 f4 25. Bxf4 Nxf4 26. Rxf4 Be2 27. Rf2 Re8 28. Nb3 Rd1+ 29. Rxd1 Bxd1 30. Rd2 Bh5 31. Kf2 Re7 32. Nd4 Rc7 1-0